| 000 | 00943cam a22003017a 4500 | ||
|---|---|---|---|
| 003 | CHAP | ||
| 005 | 20220329133906.0 | ||
| 008 | 971013s1925 r 00010 d | ||
| 010 | _a12346 | ||
| 011 | _a13318 | ||
| 035 | _a17389 | ||
| 040 | _cCHAP | ||
| 082 |
_a331.88 _bG5 |
||
| 100 | 0 | 0 |
_aGil Pihaloup, A. _947944 |
| 245 | 1 | 3 | _aEl general Calle y el sindicalismo; problemas sociales de México |
| 260 |
_aMéxico, D.F. : _bHerrero, _c1925 |
||
| 300 | _a157 p. | ||
| 590 |
_aBATCH-UPD _b10 _c20130110 _lUCH01 _h0225 |
||
| 590 |
_aBATCH-UPD _b10 _c20130110 _lUCH01 _h1048 |
||
| 590 |
_aBATCH-UPD _b10 _c20130409 _lUCH01 _h2247 |
||
| 590 |
_aBATCH-UPD _b10 _c20130914 _lUCH01 _h0818 |
||
| 590 |
_aCONVERSION _b10 _c20130109 _lUCH01 _h1308 |
||
| 650 | 1 | 4 |
_aCalles, Plutarco Elías, _y1877-1945. _917549 |
| 650 | 1 | 4 |
_aSindicatos _zMéxico. _9106574 |
| 901 | _aBK | ||
| 942 | _cLIBRO | ||
| 949 |
_a331.88 G5 _bBC _cLIBRO _d33724000326559 _eLIBRO _i17389 _si |
||
| 999 |
_c12346 _d12346 |
||